[Event "Aeroflot Open 2010"]
[Site "Moscu RUS"]
[Date "2010.02.15"]
[Round "7.2"]
[White "Naiditsch, Arkadij"]
[Black "Le, Quang Liem"]
[Result "1/2-1/2"]
[WhiteElo "2687"]
[BlackElo "2647"]
[PlyCount "92"]
[EventDate "2010.02.09"]
[EventType "swiss"]
[EventRounds "9"]
[EventCountry "RUS"]
[Source "lmi"]
[SourceDate "2010.02.09"]

1. e4 c6 2. d4 d5 3. exd5 cxd5 4. c4 Nf6 5. Nc3 Nc6 6. Bg5 dxc4 7. Bxc4 h6 8.
Bh4 e6 9. Nf3 Be7 10. O-O O-O 11. Rc1 b6 12. a3 Bb7 13. Ba2 Nd5 14. Bxd5 Bxh4
15. Be4 Bf6 16. Qa4 Rc8 17. Rfd1 Qe8 18. Ne5 Bg5 19. Rc2 Na5 20. Qxe8 Rfxe8 21.
Bxb7 Nxb7 22. g3 Nd6 23. h4 Bf6 24. Ng4 Rc4 25. Nxf6+ gxf6 26. Rcd2 Rec8 27. f3
Kf8 28. Kf2 a5 29. Re2 b5 30. Ne4 Ke7 31. Nc3 Kd7 32. Ne4 Nxe4+ 33. fxe4 b4 34.
axb4 Rxb4 35. Ke3 Rcb8 36. Ra1 a4 37. Rc2 e5 38. dxe5 fxe5 39. Rc3 Ke8 40. Raa3
h5 41. Rc5 f6 42. Rcc3 Kf7 43. Kf3 Kg6 44. Rd3 Rc4 45. b3 axb3 46. Raxb3 Rxb3
1/2-1/2

[Event "Aeroflot Open 2010"]
[Site "Moscu RUS"]
[Date "2010.02.15"]
[Round "7.4"]
[White "Korobov, Anton"]
[Black "Cheparinov, Ivan"]
[Result "1/2-1/2"]
[WhiteElo "2642"]
[BlackElo "2660"]
[PlyCount "121"]
[EventDate "2010.02.09"]
[EventType "swiss"]
[EventRounds "9"]
[EventCountry "RUS"]
[Source "lmi"]
[SourceDate "2010.02.09"]

1. d4 Nf6 2. c4 g6 3. Nc3 Bg7 4. e4 d6 5. Nf3 O-O 6. Be2 e5 7. d5 Nbd7 8. Bg5
h6 9. Bh4 Qe8 10. Nd2 a6 11. b4 Nh7 12. a4 h5 13. f3 Bh6 14. Bf2 Qe7 15. a5 h4
16. c5 h3 17. g3 f5 18. Nc4 Ndf6 19. O-O Bd7 20. cxd6 cxd6 21. Nb6 Rad8 22.
Nxd7 Qxd7 23. Qd3 Rf7 24. b5 axb5 25. Rab1 Kg7 26. exf5 gxf5 27. Nxb5 Kh8 28.
Kh1 Rg8 29. Qa3 Ne8 30. f4 Nhf6 31. Nxd6 Nxd6 32. fxe5 Nde4 33. exf6 Nd2 34.
Bf3 Bg5 35. d6 Nxf1 36. Rxf1 Bxf6 37. Bd5 Rc8 38. Qf3 Rh7 39. Bb6 Be5 40. Rd1
Rc3 41. Qe2 Qxd6 42. Bxb7 Qf6 43. Bd8 Qe6 44. Bd5 Qd6 45. Bf3 Qe6 46. Bb6 Re7
47. Bd5 Qh6 48. Qf1 Bg7 49. Bg1 f4 50. gxf4 Qh5 51. a6 Ra3 52. f5 Rxa6 53. Qxa6
Qxd1 54. Qa8+ Kh7 55. Bg8+ Kh6 56. Qc6+ Kg5 57. Qg6+ Kf4 58. Qg3+ Kxf5 59.
Qxh3+ Qg4 60. Qf1+ Kg5 61. Bd5 1/2-1/2

[Event "Aeroflot Open 2010"]
[Site "Moscu RUS"]
[Date "2010.02.15"]
[Round "7.5"]
[White "Vescovi, Giovanni"]
[Black "Savchenko, Boris"]
[Result "0-1"]
[WhiteElo "2660"]
[BlackElo "2638"]
[PlyCount "98"]
[EventDate "2010.02.09"]
[EventType "swiss"]
[EventRounds "9"]
[EventCountry "RUS"]
[Source "lmi"]
[SourceDate "2010.02.09"]

1. d4 Nf6 2. c4 e6 3. Nf3 d5 4. Nc3 c6 5. Bg5 h6 6. Bh4 dxc4 7. e4 g5 8. Bg3 b5
9. Be2 Bb7 10. O-O Nbd7 11. Ne5 Bg7 12. Nxd7 Nxd7 13. Bd6 Bf8 14. Bxf8 Rxf8 15.
e5 Qb6 16. Ne4 O-O-O 17. Nd6+ Kb8 18. a4 f6 19. axb5 cxb5 20. Nxb7 Kxb7 21.
exf6 Nxf6 22. Bf3+ Kb8 23. Qe2 Nd5 24. Qe5+ Nc7 25. Rfd1 Rf4 26. h3 a6 27. Qg7
Rfxd4 28. Rxd4 Qxd4 29. Qxh6 Qxb2 30. Re1 Qb4 31. Re5 Qd2 32. Qg7 Qc1+ 33. Kh2
Qf4+ 34. Kg1 Rd3 35. Rc5 Qd6 36. Rc6 Rd1+ 37. Bxd1 Qxc6 38. Qxg5 c3 39. Qd8+
Kb7 40. Qd3 Nd5 41. Qe4 a5 42. h4 a4 43. h5 b4 44. h6 b3 45. h7 c2 46. Bxc2
bxc2 47. h8=Q c1=Q+ 48. Kh2 Qf4+ 49. Qxf4 Nxf4 0-1

[Event "Aeroflot Open 2010"]
[Site "Moscu RUS"]
[Date "2010.02.15"]
[Round "7.11"]
[White "Khalifman, Alexander"]
[Black "Sargissian, Gabriel"]
[Result "1/2-1/2"]
[WhiteElo "2616"]
[BlackElo "2680"]
[PlyCount "143"]
[EventDate "2010.02.09"]
[EventType "swiss"]
[EventRounds "9"]
[EventCountry "RUS"]
[Source "lmi"]
[SourceDate "2010.02.09"]

1. Nf3 Nf6 2. c4 e6 3. g3 d5 4. Bg2 dxc4 5. Qa4+ c6 6. Qxc4 b5 7. Qb3 Bb7 8.
O-O Nbd7 9. d4 a6 10. Ne5 Nxe5 11. dxe5 Nd7 12. Nc3 Qc8 13. a4 Be7 14. Ne4 O-O
15. Bg5 Bxg5 16. Nxg5 c5 17. Qd3 g6 18. Bxb7 Qxb7 19. Qe3 Qc7 20. axb5 Qxe5 21.
Qxe5 Nxe5 22. bxa6 Rfb8 23. Rfc1 Nd7 24. Ne4 Rb5 25. Rd1 Nb6 26. Rd6 c4 27. Ra2
Nd5 28. Kf1 Ra7 29. Ke1 Rb3 30. Nd2 Rb4 31. e4 Nb6 32. Rd8+ Kg7 33. Rb8 Ra4 34.
Rxa4 Nxa4 35. Nxc4 Rxa6 36. Rb5 Rc6 37. Ne5 Rc7 38. Rb4 Nc5 39. Ke2 f6 40. Nd3
Nd7 41. Rb3 Kf7 42. Rc3 Ra7 43. Rc6 Ke7 44. Kd2 g5 45. h4 gxh4 46. gxh4 Ra1 47.
Rc1 Ra5 48. Ke3 Rh5 49. Rh1 Rb5 50. b4 Ne5 51. Nxe5 Rxe5 52. Kd4 Rh5 53. Kc4
Kd6 54. f3 Kc7 55. Rh2 Kb6 56. Rd2 Kc7 57. Rg2 Rxh4 58. Rg7+ Kd6 59. b5 Rh1 60.
Rf7 Ke5 61. b6 h5 62. b7 Rb1 63. Kc5 f5 64. Kc6 fxe4 65. fxe4 Kxe4 66. Rf8 h4
67. Rh8 Kf3 68. Rxh4 e5 69. Rh3+ Kf4 70. Rh1 Rb2 71. Rf1+ Kg4 72. Rf8 1/2-1/2

[Event "Aeroflot Open 2010"]
[Site "Moscu RUS"]
[Date "2010.02.15"]
[Round "7.12"]
[White "Moiseenko, Alexander"]
[Black "Zvjaginsev, Vadim"]
[Result "1/2-1/2"]
[WhiteElo "2677"]
[BlackElo "2642"]
[PlyCount "34"]
[EventDate "2010.02.09"]
[EventType "swiss"]
[EventRounds "9"]
[EventCountry "RUS"]
[Source "lmi"]
[SourceDate "2010.02.09"]

1. d4 c5 2. d5 d6 3. e4 Nf6 4. Nc3 a6 5. a4 e6 6. Bc4 Be7 7. Nf3 exd5 8. Nxd5
Nxd5 9. Bxd5 Nd7 10. O-O Nf6 11. Bc4 O-O 12. Qd3 Be6 13. Rd1 Bxc4 14. Qxc4 b5
15. Qe2 Qb6 16. h3 Rfe8 17. axb5 Qxb5 1/2-1/2

[Event "Aeroflot Open 2010"]
[Site "Moscu RUS"]
[Date "2010.02.15"]
[Round "7.13"]
[White "Khairullin, Ildar"]
[Black "Bu, Xiangzhi"]
[Result "1/2-1/2"]
[WhiteElo "2605"]
[BlackElo "2673"]
[PlyCount "31"]
[EventDate "2010.02.09"]
[EventType "swiss"]
[EventRounds "9"]
[EventCountry "RUS"]
[Source "lmi"]
[SourceDate "2010.02.09"]

1. e4 e5 2. Nf3 Nf6 3. d4 Nxe4 4. Bd3 d5 5. Nxe5 Nd7 6. Nxd7 Bxd7 7. O-O Bd6 8.
Nc3 Nxc3 9. bxc3 O-O 10. Qh5 f5 11. Rb1 b6 12. Re1 c6 13. Bg5 Qc7 14. c4 Be8
15. Qh3 dxc4 16. Bxf5 1/2-1/2

[Event "Aeroflot Open 2010"]
[Site "Moscu RUS"]
[Date "2010.02.15"]
[Round "7.14"]
[White "Najer, Evgeniy"]
[Black "Volkov, Sergey"]
[Result "1-0"]
[WhiteElo "2665"]
[BlackElo "2623"]
[PlyCount "97"]
[EventDate "2010.02.09"]
[EventType "swiss"]
[EventRounds "9"]
[EventCountry "RUS"]
[Source "lmi"]
[SourceDate "2010.02.09"]

1. d4 d5 2. c4 c6 3. Nc3 Nf6 4. Nf3 a6 5. c5 Nbd7 6. Bf4 Nh5 7. Bd2 Nhf6 8. Qc2
g6 9. g3 Bg7 10. Bg2 O-O 11. O-O Re8 12. Rad1 Nf8 13. Qb3 Ne6 14. Be3 Qc7 15.
Na4 Ne4 16. Nb6 Rb8 17. Nh4 g5 18. Bxe4 gxh4 19. Bg2 Nf8 20. Nxc8 Rexc8 21. Bh3
Rd8 22. Bf4 e5 23. Bg5 Re8 24. e4 Ne6 25. Bxe6 fxe6 26. dxe5 b6 27. exd5 exd5
28. Bxh4 bxc5 29. Qc2 Bxe5 30. b3 Bd4 31. Rde1 Qf7 32. Bg5 Qf3 33. Be7 c4 34.
Qd2 Qd3 35. Qf4 Bg7 36. Re3 Qd4 37. Qd6 c3 38. Qd7 c2 39. Bc5 Qxc5 40. Rxe8+
Rxe8 41. Qxe8+ Bf8 42. Rc1 Qd4 43. Qe2 Bb4 44. Rxc2 c5 45. Qe6+ Kg7 46. Re2 c4
47. Qd7+ Kg8 48. Re8+ Bf8 49. Qd6 1-0

[Event "Aeroflot Open 2010"]
[Site "Moscu RUS"]
[Date "2010.02.15"]
[Round "7.18"]
[White "Volokitin, Andrei"]
[Black "Iturrizaga, Eduardo"]
[Result "1/2-1/2"]
[WhiteElo "2691"]
[BlackElo "2616"]
[PlyCount "77"]
[EventDate "2010.02.09"]
[EventType "swiss"]
[EventRounds "9"]
[EventCountry "RUS"]
[Source "lmi"]
[SourceDate "2010.02.09"]

1. e4 c5 2. Nf3 Nc6 3. d4 cxd4 4. Nxd4 g6 5. c4 Nf6 6. Nc3 Nxd4 7. Qxd4 d6 8.
Be2 Bg7 9. Be3 O-O 10. Qd2 Be6 11. Rc1 Qa5 12. f3 Rfc8 13. b3 a6 14. Na4 Qxd2+
15. Kxd2 Nd7 16. g4 f5 17. exf5 gxf5 18. h3 Rf8 19. f4 Rad8 20. Rhg1 Nc5 21.
Nxc5 dxc5+ 22. Kc2 fxg4 23. Bxg4 Bf7 24. f5 b6 25. Bg5 Rfe8 26. Bf3 Rd6 27.
Rce1 e5 28. Be4 Kf8 29. Rd1 Rd4 30. Rxd4 exd4 31. Kd3 h6 32. Bf4 Bf6 33. Bb7
Bg5 34. Bd6+ Be7 35. Be5 Bg5 36. Bd6+ Be7 37. Bc7 Bd8 38. Bf4 Bg5 39. Bd6+
1/2-1/2

[Event "Aeroflot Open 2010"]
[Site "Moscu RUS"]
[Date "2010.02.15"]
[Round "7.20"]
[White "Romanov, Evgeny"]
[Black "Mamedov, Rauf"]
[Result "0-1"]
[WhiteElo "2599"]
[BlackElo "2640"]
[PlyCount "74"]
[EventDate "2010.02.09"]
[EventType "swiss"]
[EventRounds "9"]
[EventCountry "RUS"]
[Source "lmi"]
[SourceDate "2010.02.09"]

1. g3 e5 2. c4 g6 3. Bg2 Bg7 4. e4 d6 5. Ne2 Ne7 6. Nbc3 O-O 7. O-O c5 8. a3
Nbc6 9. Rb1 f5 10. d3 Rb8 11. exf5 Bxf5 12. b4 Qd7 13. Ne4 b6 14. Bg5 h6 15.
Bxe7 Nxe7 16. N2c3 Bg4 17. Qd2 Bf3 18. bxc5 Bxg2 19. Kxg2 dxc5 20. Qe2 Rbd8 21.
Rbd1 Qe6 22. h3 Rd7 23. Nd2 Rfd8 24. Nf3 Qf5 25. Rfe1 Rf8 26. Qe4 Qf7 27. Re2
Nf5 28. Rde1 Nd6 29. Qe3 Nf5 30. Qe4 Nd6 31. Qe3 e4 32. Nxe4 Nf5 33. Qf4 Rxd3
34. Ned2 Rxa3 35. Qg4 Rd3 36. Re6 Nd4 37. Re7 Qf6 0-1

[Event "Aeroflot Open 2010"]
[Site "Moscu RUS"]
[Date "2010.02.15"]
[Round "7.22"]
[White "Tregubov, Pavel V"]
[Black "Maletin, Pavel"]
[Result "1/2-1/2"]
[WhiteElo "2628"]
[BlackElo "2591"]
[PlyCount "81"]
[EventDate "2010.02.09"]
[EventType "swiss"]
[EventRounds "9"]
[EventCountry "RUS"]
[Source "lmi"]
[SourceDate "2010.02.09"]

1. d4 Nf6 2. Nf3 e6 3. c4 d5 4. Nc3 c6 5. Bg5 h6 6. Bxf6 Qxf6 7. e3 g6 8. Bd3
Bg7 9. O-O O-O 10. e4 dxe4 11. Nxe4 Qd8 12. c5 Bxd4 13. Nxd4 Qxd4 14. Qc2 Nd7
15. Rad1 Qg7 16. Be2 Nf6 17. Nxf6+ Qxf6 18. Rd6 b6 19. Rfd1 Qe5 20. b4 bxc5 21.
bxc5 Rb8 22. R1d4 a5 23. Bf1 Rb4 24. Rxb4 axb4 25. Rxc6 Qc3 26. Qb1 Bd7 27. Rc7
Ba4 28. Qe4 Bc2 29. Qe2 b3 30. axb3 Bxb3 31. Qe3 Qxe3 32. fxe3 Rd8 33. Kf2 Rd2+
34. Kf3 Bd1+ 35. Kg3 Be2 36. Bxe2 Rxe2 37. Kf3 Rc2 38. h4 Kg7 39. g3 Kf6 40.
Ke4 Rd2 41. Ra7 1/2-1/2

[Event "Aeroflot Open 2010"]
[Site "Moscu RUS"]
[Date "2010.02.15"]
[Round "7.23"]
[White "Andriasian, Zaven"]
[Black "Hou, Yifan"]
[Result "1/2-1/2"]
[WhiteElo "2613"]
[BlackElo "2590"]
[PlyCount "171"]
[EventDate "2010.02.09"]
[EventType "swiss"]
[EventRounds "9"]
[EventCountry "RUS"]
[Source "lmi"]
[SourceDate "2010.02.09"]

1. e4 e6 2. d3 d5 3. Nd2 Nf6 4. Ngf3 b6 5. e5 Nfd7 6. d4 c5 7. c3 Be7 8. Bb5
Ba6 9. a4 cxd4 10. cxd4 Qc8 11. Qe2 Qb7 12. O-O Bxb5 13. axb5 a6 14. Ne1 axb5
15. Rxa8 Qxa8 16. Qg4 O-O 17. Ndf3 Kh8 18. Nd3 Nc6 19. Nf4 Qe8 20. Bd2 Na5 21.
Re1 Nc4 22. Bc1 b4 23. b3 Na5 24. Re3 Nc6 25. h4 f5 26. exf6 Nxf6 27. Qxe6 Qc8
28. Bd2 Qxe6 29. Rxe6 Rc8 30. Ne5 Nxe5 31. dxe5 Ne4 32. Rxe7 Nxd2 33. Nxd5 Nxb3
34. Nxb4 h5 35. Nd5 b5 36. Rb7 Nd4 37. Nf4 Re8 38. f3 Kg8 39. e6 Nxe6 40. Nxh5
Rc8 41. Rxb5 Rc4 42. g3 Nd4 43. Rb7 Nxf3+ 44. Kf2 Nxh4 45. Rxg7+ Kf8 46. gxh4
Rxh4 47. Rh7 Re4 48. Kf3 Re7 49. Rh6 Kf7 50. Kg4 Re5 51. Nf4 Ra5 52. Kf3 Re5
53. Ra6 Re1 54. Nd5 Re5 55. Rf6+ Ke8 56. Rd6 Re1 57. Kf4 Rf1+ 58. Ke5 Re1+ 59.
Kf5 Rf1+ 60. Nf4 Ke7 61. Rd3 Ke8 62. Ke5 Ke7 63. Nd5+ Kf7 64. Re3 Rf2 65. Nc3
Ke7 66. Ne4 Ra2 67. Nf6 Ra1 68. Rd3 Re1+ 69. Ne4 Ra1 70. Rd5 Rh1 71. Ng3 Re1+
72. Kf5 Re3 73. Ne4 Rf3+ 74. Ke5 Rh3 75. Ng5 Re3+ 76. Kf5 Re1 77. Nh3 Rf1+ 78.
Nf4 Ke8 79. Rd2 Ke7 80. Rd3 Ke8 81. Ke5 Ke7 82. Nd5+ Kf7 83. Re3 Rf2 84. Re4
Rf1 85. Ne3 Rf6 86. Ra4 1/2-1/2

[Event "Aeroflot Open 2010"]
[Site "Moscu RUS"]
[Date "2010.02.15"]
[Round "7.24"]
[White "Shabalov, Alexander"]
[Black "Safarli, Eltaj"]
[Result "1/2-1/2"]
[WhiteElo "2611"]
[BlackElo "2594"]
[PlyCount "118"]
[EventDate "2010.02.09"]
[EventType "swiss"]
[EventRounds "9"]
[EventCountry "RUS"]
[Source "lmi"]
[SourceDate "2010.02.09"]

1. e4 e5 2. Nf3 Nc6 3. Bb5 a6 4. Ba4 Nf6 5. O-O Be7 6. Bxc6 dxc6 7. Qe1 Nd7 8.
b3 O-O 9. Bb2 Bd6 10. d4 exd4 11. Nxd4 Re8 12. Nd2 Ne5 13. Rd1 c5 14. Ne2 Qh4
15. Ng3 Nc6 16. f4 Bg4 17. Rb1 f6 18. e5 fxe5 19. f5 Rf8 20. Qe4 h5 21. Nc4 Rf7
22. Rf2 Raf8 23. Rbf1 Kh8 24. Ne3 Be7 25. Nd5 Bd8 26. Ba3 b6 27. Ne3 Nd4 28.
Bc1 Bg5 29. c3 Nb5 30. Nxg4 hxg4 31. Bxg5 Qxg5 32. c4 Nd6 33. Qxe5 a5 34. Kh1
Re7 35. Qb2 Ne4 36. Nxe4 Rxe4 37. g3 Rf6 38. Qc2 Qe3 39. Rd2 Rh6 40. Rd8+ Kh7
41. Rd2 Rd6 42. Rdf2 Kg8 43. Qb2 Qd4 44. Qc1 Qe3 45. Qb2 Red4 46. Re2 Qg5 47.
Re8+ Kh7 48. Qb1 Rf6 49. Re2 Kg8 50. Qc2 Rf8 51. Rff2 Qd8 52. Kg1 Rd1+ 53. Kg2
Rd4 54. Re1 Re8 55. Rxe8+ Qxe8 56. f6 gxf6 57. Rxf6 Re4 58. Qd3 Rd4 59. Qc2 Re4
1/2-1/2

[Event "Aeroflot Open 2010"]
[Site "Moscu RUS"]
[Date "2010.02.15"]
[Round "7.25"]
[White "Rakhmanov, Aleksandr"]
[Black "Sjugirov, Sanan"]
[Result "0-1"]
[WhiteElo "2591"]
[BlackElo "2610"]
[PlyCount "66"]
[EventDate "2010.02.09"]
[EventType "swiss"]
[EventRounds "9"]
[EventCountry "RUS"]
[Source "lmi"]
[SourceDate "2010.02.09"]

1. d4 d5 2. c4 e6 3. Nf3 Nf6 4. Bg5 dxc4 5. Qa4+ Nbd7 6. Qxc4 a6 7. Nbd2 c5 8.
dxc5 Bxc5 9. e3 b5 10. Qc2 Bb7 11. Rd1 Rc8 12. Qb1 h6 13. Bxf6 Qxf6 14. Bd3 Ne5
15. Nxe5 Qxe5 16. O-O Rd8 17. Be4 Bxe4 18. Nxe4 O-O 19. g3 Be7 20. Nc3 Bf6 21.
Rxd8 Rxd8 22. Rd1 Rxd1+ 23. Qxd1 Qc7 24. Qb3 Qc5 25. a4 b4 26. Nd1 Qc1 27. Kg2
Qd2 28. h4 Qe2 29. a5 g6 30. Qa4 Qd3 31. h5 gxh5 32. f4 b3 33. Nf2 Qxe3 0-1

[Event "Aeroflot Open 2010"]
[Site "Moscu RUS"]
[Date "2010.02.15"]
[Round "7.26"]
[White "Grigoriants, Sergey"]
[Black "Ehlvest, Jaan"]
[Result "1-0"]
[WhiteElo "2560"]
[BlackElo "2600"]
[PlyCount "240"]
[EventDate "2010.02.09"]
[EventType "swiss"]
[EventRounds "9"]
[EventCountry "RUS"]
[Source "lmi"]
[SourceDate "2010.02.09"]

1. e4 e5 2. Nf3 Nc6 3. Bb5 Bc5 4. O-O Qf6 5. d3 h6 6. c3 Nge7 7. b4 Bb6 8. Nbd2
a6 9. Bxc6 Nxc6 10. a4 O-O 11. Nc4 Ba7 12. Be3 b5 13. axb5 axb5 14. Ncxe5 Nxe5
15. Nxe5 Qxe5 16. Rxa7 Rxa7 17. Bd4 Qe6 18. Bxa7 Bb7 19. Bd4 Ra8 20. Qf3 d6 21.
Re1 f6 22. h3 Ra3 23. Qf4 Bc8 24. Qc1 Ra2 25. Qd1 Kh7 26. Qh5 Bd7 27. Re3 c6
28. Rg3 Be8 29. Qf3 Bd7 30. Qh5 Be8 31. Qf3 Bd7 32. Kh2 Ra3 33. Qf4 Qe7 34. Qc1
Ra8 35. Qe3 Ra2 36. Bb6 Be6 37. Bd4 Rc2 38. Kg1 Bd7 39. Kh1 Be6 40. Kh2 Bd7 41.
f4 Be6 42. Rf3 Qd7 43. Qe1 Ra2 44. Qh4 Qe7 45. Qh5 Qf7 46. Qh4 Qe7 47. Rg3 c5
48. Be3 Rc2 49. bxc5 dxc5 50. Qh5 Bf7 51. Qf5+ g6 52. Bxc5 Qd8 53. Qg4 Rxc3 54.
d4 b4 55. Bxb4 Rxg3 56. Qxg3 Qxd4 57. Bc3 Qxe4 58. Bxf6 Bd5 59. f5 Qe8 60. Bb2
Qf7 61. fxg6+ Qxg6 62. Qc7+ Qf7 63. Qe5 Bb7 64. Bd4 Bd5 65. h4 Be6 66. h5 Qf8
67. Qc7+ Qf7 68. Qe5 Qf8 69. Kg1 Bd5 70. Qc7+ Bf7 71. Qd7 Kg8 72. Qg4+ Kh7 73.
Qf5+ Kg8 74. Qe5 Kh7 75. Qe4+ Kg8 76. Qg4+ Kh7 77. Qf5+ Kg8 78. Bc3 Qd8 79.
Qg4+ Kf8 80. Qg7+ Ke8 81. Qh8+ Kd7 82. Qxh6 Qh4 83. Qd2+ Kc6 84. h6 Bd5 85. Bb2
Kd6 86. Qe3 Qe4 87. Qg3+ Kc6 88. Qg5 Qb1+ 89. Bc1 Be4 90. Kh2 Qd3 91. Bf4 Bf5
92. Qf6+ Kd5 93. Qd6+ Kc4 94. Qe5 Be4 95. Qc7+ Kb3 96. Qf7+ Bd5 97. Qg7 Be4 98.
Qg8+ Kb4 99. Qg4 Kb3 100. Qe6+ Kb4 101. Bd6+ Kb5 102. Qe5+ Ka4 103. Qc5 Kb3
104. Qa3+ Kc4 105. Qc5+ Kb3 106. Qb4+ Kc2 107. Qa4+ Kd2 108. Bf4+ Ke2 109. Qa2+
Kd1 110. Qb2 Ke1 111. Qa1+ Ke2 112. Kg1 Qb1+ 113. Qxb1 Bxb1 114. Kh2 Kf2 115.
Kh3 Bf5+ 116. g4 Bh7 117. Kh4 Kf3 118. Kg5 Bg8 119. Kf6 Bh7 120. g5 Kxf4 1-0

[Event "Aeroflot Open 2010"]
[Site "Moscu RUS"]
[Date "2010.02.15"]
[Round "7.29"]
[White "Feller, Sebastien"]
[Black "Potkin, Vladimir"]
[Result "0-1"]
[WhiteElo "2579"]
[BlackElo "2611"]
[PlyCount "170"]
[EventDate "2010.02.09"]
[EventType "swiss"]
[EventRounds "9"]
[EventCountry "RUS"]
[Source "lmi"]
[SourceDate "2010.02.09"]

1. d4 d5 2. c4 c6 3. Nf3 Nf6 4. cxd5 cxd5 5. Nc3 Nc6 6. Bf4 e6 7. e3 Nh5 8. Bg5
Qb6 9. Rb1 h6 10. Bh4 g5 11. Nd2 Ng7 12. Bg3 Nf5 13. Bd3 Nxg3 14. hxg3 Bg7 15.
f4 Bd7 16. Na4 Qa5 17. Nc5 O-O-O 18. a3 Kb8 19. Rc1 Ne7 20. O-O Bc8 21. Nf3 f6
22. Rc3 h5 23. Qb3 Ka8 24. Rfc1 b6 25. Qa4 Qxa4 26. Nxa4 Nf5 27. Bxf5 exf5 28.
Rc7 Bd7 29. Nc3 h4 30. gxh4 g4 31. Nd2 Rxh4 32. Nf1 Bf8 33. Nxd5 Bd6 34. R7c2
Rh6 35. Ng3 Kb7 36. Kf2 Be6 37. Nc7 Bd7 38. Nd5 Be6 39. Nc3 Bd7 40. Re1 Rc8 41.
Rcc1 a5 42. Nb5 Bb8 43. Rxc8 Kxc8 44. Nc3 Kb7 45. Nd5 Bd6 46. e4 fxe4 47. Nxe4
f5 48. Ng5 Kc6 49. Ne7+ Bxe7 50. Rxe7 Rh1 51. Nf7 Bc8 52. Re8 Ba6 53. Rd8 Rd1
54. Ne5+ Kc7 55. Rd7+ Kc8 56. d5 Rd2+ 57. Kg3 Bb7 58. d6 Rxg2+ 59. Kh4 Rh2+ 60.
Kg5 g3 61. Rc7+ Kb8 62. Rc1 Rd2 63. d7 Rd6 64. Kxf5 g2 65. Kg5 Ba6 66. Kg4 Bf1
67. Nf3 Rxd7 68. f5 Rc7 69. Re1 Rc4+ 70. Kg3 Rc5 71. Kf4 Bd3 72. Re5 Rxe5 73.
Kxe5 Kc7 74. Ke6 Kd8 75. f6 Bc4+ 76. Kf5 Bf7 77. Kg5 Kc7 78. Kf4 Bd5 79. Ng1
Kd6 80. Ke3 Ke5 81. f7 Bxf7 82. Nf3+ Kd6 83. Kf2 Bd5 84. Ne1 Be4 85. b4 axb4
0-1

[Event "Aeroflot Open 2010"]
[Site "Moscu RUS"]
[Date "2010.02.15"]
[Round "7.30"]
[White "Zhou, Weiqi"]
[Black "Danin, Alexandre"]
[Result "1/2-1/2"]
[WhiteElo "2600"]
[BlackElo "2519"]
[PlyCount "121"]
[EventDate "2010.02.09"]
[EventType "swiss"]
[EventRounds "9"]
[EventCountry "RUS"]
[Source "lmi"]
[SourceDate "2010.02.09"]

1. d4 Nf6 2. c4 g6 3. Nc3 d5 4. Bg5 Ne4 5. Bh4 Nxc3 6. bxc3 dxc4 7. e3 Be6 8.
Nf3 Bg7 9. Qb1 Nd7 10. Qxb7 c5 11. Ng5 Qc8 12. Qxc8+ Rxc8 13. Nxe6 fxe6 14. Be2
Kf7 15. O-O-O Nb6 16. Kc2 Rhd8 17. Bg3 cxd4 18. exd4 Rd5 19. Ra1 Na4 20. Rab1
Nb6 21. Rb4 e5 22. dxe5 Bxe5 23. Bf3 Ra5 24. Bxe5 Rxe5 25. a4 Rcc5 26. Kb2 Re6
27. Ka3 Ra5 28. Rd1 Kf6 29. Rd4 Rd6 30. Rf4+ Kg7 31. Re4 Kf6 32. Be2 Rd2 33.
Bxc4 Rc5 34. Bb3 e5 35. f4 Rxg2 36. fxe5+ Rxe5 37. Rxe5 Kxe5 38. a5 Nd7 39. Rb7
Kd6 40. Rxa7 Rxh2 41. a6 Rf2 42. Rxd7+ Kxd7 43. a7 Rf8 44. Bd5 g5 45. a8=Q
Rxa8+ 46. Bxa8 g4 47. Be4 h5 48. Bg6 g3 49. Bf5+ Kd6 50. Bh3 Kd5 51. Kb3 Ke4
52. c4 Kf3 53. c5 g2 54. Bxg2+ Kxg2 55. c6 h4 56. c7 h3 57. c8=Q h2 58. Qg4+
Kf2 59. Qh3 Kg1 60. Qg3+ Kh1 61. Qf2 1/2-1/2

[Event "Aeroflot Open 2010"]
[Site "Moscu RUS"]
[Date "2010.02.15"]
[Round "7.32"]
[White "Melkumyan, Hrant"]
[Black "Javakhishvili, Lela"]
[Result "1-0"]
[WhiteElo "2583"]
[BlackElo "2493"]
[PlyCount "71"]
[EventDate "2010.02.09"]
[EventType "swiss"]
[EventRounds "9"]
[EventCountry "RUS"]
[Source "lmi"]
[SourceDate "2010.02.09"]

1. d4 Nf6 2. c4 e6 3. Nf3 Bb4+ 4. Bd2 Qe7 5. Qc2 O-O 6. Nc3 d6 7. a3 Bxc3 8.
Bxc3 Nbd7 9. e4 e5 10. d5 a5 11. b3 c6 12. Nd2 Nc5 13. b4 axb4 14. axb4 Rxa1+
15. Bxa1 Na6 16. b5 Nc5 17. Be2 Bg4 18. f3 Bd7 19. O-O Nh5 20. Rb1 Qg5 21. Nf1
Nf4 22. Ng3 cxb5 23. cxb5 h5 24. Bf1 g6 25. Kh1 h4 26. Ne2 f5 27. Bxe5 dxe5 28.
Nxf4 Qxf4 29. Qxc5 fxe4 30. d6 exf3 31. Qd5+ Rf7 32. gxf3 Bf5 33. Bc4 Bxb1 34.
d7 Qc1+ 35. Kg2 Qg5+ 36. Kf2 1-0

[Event "Aeroflot Open 2010"]
[Site "Moscu RUS"]
[Date "2010.02.15"]
[Round "7.33"]
[White "Papin, Vasily"]
[Black "Lopez Martinez, Josep Manuel"]
[Result "1/2-1/2"]
[WhiteElo "2548"]
[BlackElo "2593"]
[PlyCount "65"]
[EventDate "2010.02.09"]
[EventType "swiss"]
[EventRounds "9"]
[EventCountry "RUS"]
[Source "lmi"]
[SourceDate "2010.02.09"]

1. d4 Nf6 2. c4 g6 3. g3 Bg7 4. Bg2 O-O 5. Nc3 d6 6. Nf3 c6 7. O-O Qb6 8. h3
Qa6 9. b3 b5 10. Nd2 Bb7 11. Bb2 bxc4 12. Nxc4 Nbd7 13. e4 d5 14. Ne5 dxe4 15.
Nxe4 Nxe4 16. Bxe4 Rfd8 17. Qc2 Rac8 18. Rac1 Nxe5 19. dxe5 c5 20. Bxb7 Qxb7
21. Rfe1 e6 22. Qe2 Rd5 23. Rc4 Rcd8 24. Bc3 h5 25. Qe4 R8d7 26. Kg2 Qb6 27. h4
Bh6 28. Re2 Bf8 29. Re3 Qd8 30. Ra4 Bg7 31. Rc4 Bf8 32. Ra4 Rd1 33. Rc4 1/2-1/2

[Event "Aeroflot Open 2010"]
[Site "Moscu RUS"]
[Date "2010.02.15"]
[Round "7.34"]
[White "Kosintseva, Nadezhda"]
[Black "Ghaem Maghami, Ehsan"]
[Result "1/2-1/2"]
[WhiteElo "2533"]
[BlackElo "2589"]
[PlyCount "85"]
[EventDate "2010.02.09"]
[EventType "swiss"]
[EventRounds "9"]
[EventCountry "RUS"]
[Source "lmi"]
[SourceDate "2010.02.09"]

1. e4 c5 2. Nf3 d6 3. d4 cxd4 4. Nxd4 Nf6 5. Nc3 a6 6. Bg5 e6 7. f4 Nc6 8. Qd3
h6 9. Bh4 g5 10. fxg5 Ng4 11. O-O-O Nge5 12. Qe3 Be7 13. Nf3 Bd7 14. Be2 Rc8
15. Kb1 hxg5 16. Bg3 Nxf3 17. gxf3 Ne5 18. h4 gxh4 19. f4 Nc4 20. Qd4 Rg8 21.
Bxh4 Na3+ 22. bxa3 Bxh4 23. e5 d5 24. f5 Bg3 25. Rd3 Bxe5 26. Qxe5 Qc7 27. Qd4
Qc5 28. Qxc5 Rxc5 29. fxe6 fxe6 30. Kb2 Rg7 31. Bf3 Ke7 32. Re1 Kd8 33. Ne2 Kc7
34. Nd4 Kd6 35. Rde3 Rg6 36. c3 Rc7 37. R1e2 Bc8 38. Re5 Rh7 39. Bh5 Rg2 40.
Rxg2 Kxe5 41. Bg4 Kd6 42. Bxe6 Bxe6 43. Rg6 1/2-1/2

[Event "Aeroflot Open 2010"]
[Site "Moscu RUS"]
[Date "2010.02.15"]
[Round "7.35"]
[White "Yudin, Sergei"]
[Black "Ajrapetjan, Yuriy"]
[Result "0-1"]
[WhiteElo "2573"]
[BlackElo "2525"]
[PlyCount "30"]
[EventDate "2010.02.09"]
[EventType "swiss"]
[EventRounds "9"]
[EventCountry "RUS"]
[Source "lmi"]
[SourceDate "2010.02.09"]

1. e4 d6 2. d4 Nf6 3. Nc3 g6 4. h3 Bg7 5. g4 c5 6. g5 Nfd7 7. d5 Na6 8. h4 Qa5
9. Bd2 Qb4 10. Rh3 O-O 11. Rb1 Bxc3 12. Bxc3 Qxe4+ 13. Re3 Qh1 14. Nf3 Nb6 15.
Rxe7 Bg4 0-1

[Event "Aeroflot Open 2010"]
[Site "Moscu RUS"]
[Date "2010.02.15"]
[Round "7.36"]
[White "Ragger, Markus"]
[Black "Krylov, Mikhail"]
[Result "1-0"]
[WhiteElo "2568"]
[BlackElo "2511"]
[PlyCount "101"]
[EventDate "2010.02.09"]
[EventType "swiss"]
[EventRounds "9"]
[EventCountry "RUS"]
[Source "lmi"]
[SourceDate "2010.02.09"]

1. Nf3 Nf6 2. c4 g6 3. Nc3 Bg7 4. g3 O-O 5. Bg2 d6 6. d4 Nc6 7. O-O a6 8. h3
Rb8 9. e4 b5 10. e5 Nd7 11. e6 fxe6 12. d5 Na7 13. dxe6 Nb6 14. Ng5 bxc4 15. a4
Qe8 16. Qg4 h6 17. a5 Na8 18. Nf3 c6 19. Qxc4 Nc7 20. Re1 Rf6 21. Be3 Bxe6 22.
Qe2 c5 23. Qd2 Qf8 24. Nh2 Rb4 25. Ng4 Bxg4 26. hxg4 g5 27. Ra4 Rxa4 28. Nxa4
Nab5 29. b4 c4 30. Bd5+ Nxd5 31. Qxd5+ e6 32. Qxc4 d5 33. Qc5 Qe8 34. Nb6 Bf8
35. Qc1 d4 36. Bd2 Qd8 37. Qc6 Qd6 38. Qc4 d3 39. Re4 Kf7 40. Re3 Qd4 41. Qxd4
Nxd4 42. Nd7 Nb3 43. Rxd3 Nxd2 44. Rxd2 Bxb4 45. Rc2 Bxa5 46. Nxf6 Kxf6 47. Rc6
Bd2 48. Rxa6 Ke5 49. Kg2 Kd5 50. Ra7 Bc1 51. Kf3 1-0